000 00304nam a22001217a 4500
008 181218b xxu||||| |||| 00| 0 eng d
041 _aeng
080 _a941
100 _a17
101 _aHIS
245 _aThe Americans. A Social History of the United States 1587-1914
_cFursnas, J.C
942 _2udc
_cBK
999 _c53432
_d53432